Tìm hiểu văn hóa tâm linh Nam Bộ

Đã lưu trong:
Bibliografiske detaljer
Hovedforfatter: Nguyễn, Hữu Hiếu
Format: Bog
Sprog:Undetermined
Udgivet: Thành phố Hồ Chí Minh Trẻ 2004
Fag:
Tags: Tilføj Tag
Ingen Tags, Vær først til at tagge denne postø!
Thư viện lưu trữ: Trung tâm Học liệu Trường Đại học Cần Thơ
LEADER 00595nam a2200205Ia 4500
001 CTU_92961
008 210402s9999 xx 000 0 und d
020 |c 15500 
082 |a 291.3 
082 |b H309 
100 |a Nguyễn, Hữu Hiếu 
245 0 |a Tìm hiểu văn hóa tâm linh Nam Bộ 
245 0 |c Nguyễn Hữu Hiếu 
260 |a Thành phố Hồ Chí Minh 
260 |b Trẻ 
260 |c 2004 
650 |a Religion and culture 
650 |x South vietnam 
904 |i Mai Loan, QHieu 
980 |a Trung tâm Học liệu Trường Đại học Cần Thơ